000 00624nam a2200217 i 4500
001 63611
003 ES-MaACL
005 20230906164926.0
007 t|
008 031212s1964 sp ||||1| cat d
100 1 _aFesquet, Henri.
_950622
245 1 4 _aLes floretes del Papa Joan /
_cHenry Fesquet ; traductor Jordi Sarsanedas.
250 _a[1ª ed.].
260 _aBarcelona :
_bEstela,
_c1964.
300 _a204 p. ;
_c20 cm.
490 1 _aEl món avui ;
_v7
700 1 _aSarsanedas, Jordi.
_9103877
830 0 _aEl món avui ;
_v7
_9182063
852 _aES-MaACL
_jC-25798
_bR.54506
999 _c63611
_d63611